|
|
|
|
| LEADER |
00000nam a22000007a 4500 |
| 005 |
20150519001512.0 |
| 007 |
cr|||| |||| |
| 008 |
150519s2012 es |||||s|||| 00||0 spa d |
| 020 |
|
|
|a 978-84-9961-079-5
|
| 035 |
|
|
|a 12707
|
| 040 |
|
|
|a vLex
|
| 090 |
|
|
|c 5445
|d 5445
|
| 100 |
1 |
|
|a OþCallaghan Muǫz, Xavier
|
| 245 |
1 |
0 |
|a Cumplimiento e incumplimiento del contrato
|h [Recurso electrn̤ico] /
|c Xavier OþCallaghan Muǫz
|
| 256 |
|
|
|a Servicio en ln̕ea
|
| 260 |
|
|
|a Madrid:
|b Editorial Universitaria Ramn̤ Areces,
|c 2012
|
| 300 |
|
|
|a 1 recurso electrn̤ico
|
| 500 |
|
|
|a Esta obra pertenece a la serie Xavier OþCallaghan dentro de la coleccin̤ Grandes Obras Jurd̕icas, en la que se publicaron los libros sobre matrimonio, propiedad industrial y particin̤ de la herencia. En šte, como en los anteriores, se ha buscado un tema de constante aplicacin̤ prc̀tica y de una clara base ter̤ica. Los frecuentes problemas que plantea el contrato vienen referidos no tanto a sus elementos y presupuestos, sino a sus efectos y estos son los relativos al cumplimiento y al incumplimiento del mismo.
|
| 650 |
0 |
4 |
|a Derecho Civil
|z Espaą
|
| 740 |
0 |
|
|a vLex Libros (Servicio en ln̕ea)
|
| 856 |
4 |
0 |
|u http://vlex.com/source/cumplimiento-e-incumplimiento-del-contrato-12707
|z Acceso restringido
|
| 942 |
|
|
|c BOOK
|
| 999 |
0 |
|
|a Civil Law
|